000 00395nam a2200145Ia 4500
008 151213s9999 xx 000 0 und d
100 _aSir Muaurice Bowra
245 _aThe Romantic Imagination
_cSir Muaurice Bowra
260 _aLondon
_b`Oxford U.P.
_c1957
300 _a8518 p.
650 _aEnglish Literature
650 _aEnglish Literature
700 _aSir Muaurice Bowra
999 _c4355
_d4355